Statistics for 전세계의 나라들

Click here to take the quiz!

General Stats

  • This quiz has been taken 557 times
  • The average score is 80 of 196

Answers on the Map

Answers color-coded by a green-red scale on the quiz's map according to % correct below.
 

Answer Stats

Country% Correct
미국
90%
대한민국
85%
중국
78%
일본
78%
러시아
76%
캐나다
76%
영국
74%
브라질
73%
인도
72%
프랑스
71%
멕시코
70%
오스트레일리아
70%
타이
69%
북한
68%
독일
67%
몽골
61%
베트남
61%
칠레
61%
이란
60%
이탈리아
59%
타이완
58%
쿠바
58%
인도네시아
58%
터키
57%
덴마크
57%
가나
56%
이집트
56%
노르웨이
56%
파나마
56%
페루
56%
파키스탄
56%
필리핀
56%
스웨덴
55%
네팔
55%
핀란드
55%
스위스
54%
이라크
54%
그리스
54%
아르헨티나
53%
오만
52%
수단
52%
뉴질랜드
51%
아일랜드
51%
오스트리아
50%
폴란드
50%
라오스
50%
포르투갈
50%
예멘
49%
사우디아라비아
49%
모로코
48%
콩고 민주 공화국
48%
남아프리카 공화국
48%
볼리비아
48%
부탄
48%
콩고
48%
말레이시아
47%
카자흐스탄
47%
리비아
47%
우루과이
46%
아이슬란드
46%
우크라이나
46%
콜롬비아
46%
벨기에
45%
캄보디아
45%
마다가스카르
45%
우즈베키스탄
45%
시리아
45%
싱가포르
44%
이스라엘
44%
소말리아
44%
미얀마
44%
파라과이
44%
체코 공화국
44%
도미니카
44%
도미니카 공화국
44%
네덜란드
44%
남수단
43%
라트비아
43%
아프가니스탄
43%
에스토니아
43%
알제리
42%
벨라루스
42%
말리
41%
슬로바키아
41%
방글라데시
41%
베네수엘라
41%
루마니아
41%
불가리아
41%
에스파냐
40%
헝가리
40%
에콰도르
40%
기니
40%
보스니아
헤르체고비나
40%
케냐
39%
카타르
39%
코스타리카
39%
스리랑카
39%
알바니아
39%
룩셈부르크
39%
수리남
39%
자메이카
39%
파푸아 뉴기니
39%
세르비아
38%
바하마
38%
아이티
38%
나이지리아
37%
에티오피아
37%
모나코
37%
차드
37%
바티칸 시국
37%
과테말라
37%
키르기스스탄
36%
타지키스탄
36%
슬로베니아
35%
조지아
35%
레바논
35%
토고
35%
아르메니아
35%
마케도니아
35%
나미비아
35%
요르단
35%
몰도바
35%
감비아
34%
아제르바이잔
34%
니제르
34%
피지
34%
투르크메니스탄
34%
코소보
34%
쿠웨이트
34%
니카라과
34%
세네갈
33%
튀니지
33%
동티모르
33%
앙골라
33%
아랍 에미리트
33%
탄자니아
33%
가봉
33%
우간다
32%
바레인
32%
짐바브웨
32%
중앙아프리카 공화국
32%
가이아나
32%
엘살바도르
32%
라이베리아
32%
온두라스
32%
말라위
32%
몬테네그로
32%
적도 기니
31%
브루나이
31%
키프로스
31%
모잠비크
30%
안도라
30%
벨리즈
30%
산마리노
30%
카메룬
30%
레소토
30%
몰타
30%
리히텐슈타인
29%
몰디브
29%
르완다
29%
잠비아
29%
통가
28%
모리타니
28%
보츠와나
27%
나우루
27%
기니비사우
27%
투발루
26%
코트디부아르
26%
지부티
26%
부르키나파소
25%
미크로네시아 연방
25%
바베이도스
25%
사모아
24%
에리트리아
24%
카보베르데
23%
부룬디
23%
팔라우
23%
키리바시
22%
바누아투
22%
코모로
22%
마셜 제도
22%
트리니다드 토바고
22%
모리셔스
22%
스와질란드
22%
솔로몬 제도
22%
세이셸
22%
그레나다
21%
베넹
21%
세인트키츠 네비스
20%
세인트빈센트 그레나딘
19%
세인트루시아
19%
상투메 프린시페
18%
앤티가 바부다
17%
리투아니나
10%
크로아타아
7%
시에라라온
6%

Score Distribution

Percentile by Number Answered

Percent of People with Each Score

Your Score History

You have not taken this quiz